| 000 -LEADER |
| fixed length control field |
01829cam a2200385 a 4500 |
| 001 - CONTROL NUMBER |
| control field |
16895608 |
| 003 - CONTROL NUMBER IDENTIFIER |
| control field |
NUST |
| 005 - DATE AND TIME OF LATEST TRANSACTION |
| control field |
20210903143506.0 |
| 008 - FIXED-LENGTH DATA ELEMENTS--GENERAL INFORMATION |
| fixed length control field |
110729s2011 nyu 000 1 eng d |
| 010 ## - LIBRARY OF CONGRESS CONTROL NUMBER |
| LC control number |
2011453807 |
| 020 ## - INTERNATIONAL STANDARD BOOK NUMBER |
| International Standard Book Number |
9780061561641 (pbk.) |
| 020 ## - INTERNATIONAL STANDARD BOOK NUMBER |
| International Standard Book Number |
0061561649 (pbk.) |
| 035 ## - SYSTEM CONTROL NUMBER |
| System control number |
(OCoLC)ocn670475585 |
| 038 ## - RECORD CONTENT LICENSOR |
| Staff Name |
Arshad |
| 040 ## - CATALOGING SOURCE |
| Original cataloging agency |
BTCTA |
| Language of cataloging |
eng |
| Transcribing agency |
BTCTA |
| Modifying agency |
BKX |
| -- |
VP@ |
| -- |
IUI |
| -- |
CDX |
| -- |
YDXCP |
| -- |
DLC |
| 042 ## - AUTHENTICATION CODE |
| Authentication code |
lccopycat |
| 050 00 - LIBRARY OF CONGRESS CALL NUMBER |
| Classification number |
PS3558.O33636 |
| Item number |
I54 2011 |
| 082 04 - DEWEY DECIMAL CLASSIFICATION NUMBER |
| Classification number |
813.54 |
| Author Mark |
HOB |
| 100 1# - MAIN ENTRY--PERSONAL NAME |
| Personal name |
Lindholm, Megan. |
| 9 (RLIN) |
82139 |
| 245 14 - TITLE STATEMENT |
| Title |
The inheritance and other stories / |
| Statement of responsibility, etc. |
Megan Lindholm, Robin Hobb. |
| 246 14 - VARYING FORM OF TITLE |
| Title proper/short title |
Inheritance & other stories |
| 250 ## - EDITION STATEMENT |
| Edition statement |
1st Harper Voyager trade pbk. ed. |
| 260 ## - PUBLICATION, DISTRIBUTION, ETC. |
| Place of publication, distribution, etc. |
New York : |
| Name of publisher, distributor, etc. |
Harper Voyager, |
| Date of publication, distribution, etc. |
2011. |
| 300 ## - PHYSICAL DESCRIPTION |
| Extent |
xv, 374 p. ; |
| Dimensions |
23 cm. |
| 505 00 - FORMATTED CONTENTS NOTE |
| Formatted contents note |
A touch of lavender -- Silver lady and the fortyish man -- Cut -- The fifth squashed cat -- Strays -- Finis -- Drum machine -- Homecoming -- The inheritance -- Cat's meat. |
| 520 ## - SUMMARY, ETC. |
| Summary, etc. |
Collects previously published and new short works written under both of the writer's pseudonyms, with brief notes by the author prefacing every piece that offers insight into the story's origin. The first seven stories are written under the name Megan Lindholm and the last three are written under the name Robin Hobb. |
| 563 ## - BINDING INFORMATION |
| Binding note |
PBK |
| 655 #7 - INDEX TERM--GENRE/FORM |
| Genre/form data or focus term |
Fantasy fiction. |
| Source of term |
gsafd |
| 9 (RLIN) |
1087 |
| 700 1# - ADDED ENTRY--PERSONAL NAME |
| Personal name |
Hobb, Robin. |
| 9 (RLIN) |
82140 |
| 856 42 - ELECTRONIC LOCATION AND ACCESS |
| Materials specified |
Contributor biographical information |
| Uniform Resource Identifier |
<a href="http://www.loc.gov/catdir/enhancements/fy1115/2011453807-b.html">http://www.loc.gov/catdir/enhancements/fy1115/2011453807-b.html</a> |
| 856 42 - ELECTRONIC LOCATION AND ACCESS |
| Materials specified |
Publisher description |
| Uniform Resource Identifier |
<a href="http://www.loc.gov/catdir/enhancements/fy1115/2011453807-d.html">http://www.loc.gov/catdir/enhancements/fy1115/2011453807-d.html</a> |
| 906 ## - LOCAL DATA ELEMENT F, LDF (RLIN) |
| a |
7 |
| b |
cbc |
| c |
copycat |
| d |
2 |
| e |
ncip |
| f |
20 |
| g |
y-gencatlg |
| 942 ## - ADDED ENTRY ELEMENTS (KOHA) |
| Source of classification or shelving scheme |
|
| Koha item type |
Book |